000 01037nam0a22002651 4500
001 v19\rc\1288673
005 20260409080520.0
035 _a(NLR Aleph) 005200875
090 _a5308567
_c5308567
100 _a20060306d1852 |||y0rusy50 ca
101 0 _arus
102 _aRU
105 _ay z |||||
200 1 _aПредъизображение Господа нашего Иисуса Христа и церкви его в Ветхом завете
_fСоч. С. Смирнова
210 _aМосква
_cУнив. тип.
_d1852
215 _a[2], VI, 208, II с.
_d24
500 _aБиблия
_iВ.З.
_92631015
_3RU\NLR\AUTH\553048
700 1 _7ca
_8rus
_aСмирнов
_bС. К.
_cбогослов, историк
_f1818-1889
_gСергей Константинович
_943394
_3RU\NLR\AUTH\7760463
801 2 _aRU
_bNLR
_c20080118
_2rusmarc
801 0 _aRU
_bNLR
_c20060306
_gpsbo
801 0 _aRU
_bRuMoRGB
_c20060306
_2psbo
801 1 _aRU
_bProSoft-M
_c20060306
_2rusmarc
852 _aNLR
_j18.168.7.9
942 _cBOOK
980 _aNB